| 000 | 00966nam a2200277 a 4500 | ||
|---|---|---|---|
| 001 | BRCA_8208 | ||
| 005 | 20190320210157.0 | ||
| 008 | 150514s1956----ne-a###f##---#000-0#dut-# | ||
| 041 | _adut | ||
| 044 | _ane | ||
| 050 | 4 |
_aND653 _b.R46 2 1956 |
|
| 245 | 1 | 0 |
_aRembrandt _btentoonstelling ter herdenking van de Geboorte van Rembrandt op 15 juli 1606. _cRijkmuseum en Museum Boymans. |
| 260 |
_aAmsterdam _bRijkmuseum _c1956 |
||
| 300 |
_a215 p. _bil., 101 láminas _c19 cm. |
||
| 500 | _aVer también U96 (Tekeningen) y U98 (Etsen) | ||
| 500 | _aU97 | ||
| 505 | 0 | _aContenido: v.1. Tekeningen. -- v.2. Schilderijen. -- v.3. Etsen | |
| 600 | 1 | 4 |
_aRembrandt Hermanszoon van Rijn _d1606-1669 _920459 |
| 650 | 1 | 4 |
_aPintores holandeses _920460 |
| 650 | 1 | 4 |
_aGrabadores holandeses _97366 |
| 650 | 1 | 4 |
_aGalerías y museos _zHolanda _97615 |
| 710 | 2 |
_aRijkmuseum, Holanda _eed. _920461 |
|
| 710 | 2 |
_aMuseum Boymans, Holanda _eed. _920462 |
|
| 902 | _aGFM | ||
| 942 |
_2lcc _cB |
||
| 999 |
_c7876 _d7876 |
||